000 00864nas a22002057a 4500
003 OSt
005 20160926102904.0
008 160601b xxu||||| |||| 00| 0 eng d
022 _a1130-0426
040 _cBMC
082 _a320.3064
245 0 0 _aNueva revista de política, cultura y arte
_p: marzo-abril
_cAntonio Fontán (Presidente y editor)
260 _aMadrid
_bDifusiones y Promociones Editoriales, S.A. (Diproedisa)
_c2004
300 _a204 p.
_c21 cm
490 _aNueva revista de política, cultura y arte
_v92
505 _aContiene: La creación del área de libre comercio de las Américas.- Ante la fragmentación del electorado.- Año de tornados en el Caribe.- El rostro latino del tercer sector liberalismo, democracia, altruismo.-
650 2 4 _912628
_aPolítica cultural
700 1 _93186
_aFontán, Antonio
_d1923-2010
942 _2ddc
_cPR
999 _c25881
_d25881